| 000 | 00694nam a22002057a 4500 | ||
|---|---|---|---|
| 999 |
_c4976 _d4976 |
||
| 003 | AR-CdUCM | ||
| 008 | 190311b ||||| |||| 00| 0 spa d | ||
| 040 |
_aMUNICIPALIDAD PROVINCIAL DEL CUSCO _cBIBLIOTECA MUNICIPAL DEL CUSCO |
||
| 082 |
_a869.201 / _bC25 |
||
| 100 |
_aCapdevila, Arturo _915242 |
||
| 245 | _aMelpómene / | ||
| 260 |
_a Perú : _bLosada, _c1947. |
||
| 300 |
_a148 paginas ; _c19 cm. |
||
| 505 | _a Contenido : Cantos de la divina melpómene -- Erato canto por melpómene -- Otros cantos de la divina melpómene ... | ||
| 650 |
_aPoesía del siglo XX _915243 |
||
| 650 |
_aPoesía peruana _9806 |
||
| 650 |
_aLiteratura peruana _9169 |
||
| 942 |
_2ddc _cLIBROS |
||
| 945 | _arah | ||